The Illustrated encyclopaedia of space technology (Record no. 7960)

MARC details
000 -LEADER
fixed length control field 00672nam a2200205Ia 4500
003 - CONTROL NUMBER IDENTIFIER
control field IN-BaIIA
008 - FIXED-LENGTH DATA ELEMENTS--GENERAL INFORMATION
fixed length control field 211028s9999 xx 000 0 eng d
020 ## - INTERNATIONAL STANDARD BOOK NUMBER
International Standard Book Number 0-86101-075-2
040 ## - CATALOGING SOURCE
Transcribing agency IIA Library
080 ## - UNIVERSAL DECIMAL CLASSIFICATION NUMBER
Universal Decimal Classification number 031:52-87
Item number GAT
100 ## - MAIN ENTRY--PERSONAL NAME
Personal name Gatland, Kenneth
9 (RLIN) 13430
245 #4 - TITLE STATEMENT
Title The Illustrated encyclopaedia of space technology
Remainder of title a comprehensive history of space exploration
Statement of responsibility, etc. Kenneth Gatland
260 ## - PUBLICATION, DISTRIBUTION, ETC.
Place of publication, distribution, etc. London
Name of publisher, distributor, etc. Salamander
Date of publication, distribution, etc. 1982
300 ## - PHYSICAL DESCRIPTION
Extent 293p.
650 ## - SUBJECT ADDED ENTRY--TOPICAL TERM
Topical term or geographic name entry element Encyclopedia-Space Technology
9 (RLIN) 13431
650 ## - SUBJECT ADDED ENTRY--TOPICAL TERM
Topical term or geographic name entry element NASA Thesaurus
650 ## - SUBJECT ADDED ENTRY--TOPICAL TERM
Topical term or geographic name entry element Space Exploration
9 (RLIN) 5072
650 ## - SUBJECT ADDED ENTRY--TOPICAL TERM
Topical term or geographic name entry element Space Research
9 (RLIN) 3844
942 ## - ADDED ENTRY ELEMENTS (KOHA)
Koha item type Books
Holdings
Withdrawn status Lost status Damaged status Not for loan Home library Current library Shelving location Date acquired Total Checkouts Full call number Barcode Date last seen Price effective from Koha item type Purchase Price
        IIA Library-Bangalore IIA Library-Bangalore General Stacks 15/10/1984   031:52-87/ GAT 8783 05/11/2021 15/10/1984 Books £ 11.95

Powered by Koha